[Event "GER-ch Youth U16W 2020"]
[Site "Willingen"]
[Date "2020.10.22"]
[Round "4.1"]
[White "Rudolph, Eva"]
[Black "Butenandt, Svenja"]
[Result "1/2-1/2"]
[WhiteElo "1836"]
[BlackElo "1986"]
[Annotator "TA"]
[PlyCount "83"]
[EventDate "2020.10.20"]
[EventType "swiss"]
[EventRounds "7"]
[EventCountry "GER"]
[SourceTitle "playchess.com"]
[Source "ChessBase"]
[SourceQuality "1"]

{[%evp 21,83,22,30,-7,27,16,41,40,60,40,34,19,36,-2,33,-11,-8,-14,0,0,7,0,85,0,6,18,22,0,45,63,113,126,514,499,687,-145,-152,-143,-61,-70,-57,-130,-89,-96,-92,-137,-131,-134,-143,-141,-154,-144,-129,-117,-62,-50,-40,-49,-8,-19,-2,-66,148,-13]} 1. e4 c5 2. Nf3 e6 3. d4 cxd4 4. Nxd4 a6 5. Bd3 Qc7 6. O-O Nf6 7. Qe2 d6 8. c4 g6 9. Nc3 Bg7 10. Kh1 O-O 11. f4 Nbd7 12. Nf3 {B42: Sicilian: Kan Variation: 5 Bd3.} Re8 13. Bd2 {[#]} Nc5 $146 ({Predecessor:} 13... b6 14. Rac1 Bb7 15. b4 Rac8 16. a3 Qb8 17. Rc2 Qa8 18. Bc1 d5 19. cxd5 Nxe4 20. Nxe4 exd5 21. Rxc8 Bxc8 {1-0 (41) Guliyev,N (2543)-Touboulic,J (2244) Paris 2006}) 14. Bc2 {White is slightly better.} b6 15. Rae1 Bb7 16. Ng5 h6 17. Nf3 Rac8 18. Qf2 Ncd7 19. Bd3 Nc5 20. Bb1 Qb8 21. e5 Nh7 (21... dxe5 $11 22. Nxe5 Rf8) 22. Qh4 (22. b4 $16 Nd7 23. Ne4 Bxe4 24. Rxe4 (24. Bxe4 Rxc4 25. Bd3 Rc7 $14)) 22... Nd7 23. Ne4 Bxe4 24. Bxe4 dxe5 (24... Rxc4 {with more complications.} 25. Bd3 Ra4 26. Qg3 Nhf8 27. Bb1 Rc4) 25. fxe5 Rxc4 26. Bxh6 Nxe5 $2 {[%mdl 8192]} (26... Qd8 $16 {is a better chance.} 27. Bg5 Qc8) 27. Bxg7 $18 {Threatening mate with Ng5.} Kxg7 28. Qf4 $2 ({Not} 28. Ng5 Nxg5 29. Qxg5 f5 $17) (28. Nxe5 $18 Qxe5 29. Rxf7+ $1 {[%mdl 576] Deflection} Kxf7 30. Qxh7+ {[%mdl 64] Double Attack} Kf6 31. Rf1+ Qf5 32. Bxf5 (32. Rxf5+ exf5 33. h3 Rexe4 $11) 32... exf5 33. g4 $1 {[%mdl 512]} Rxg4 34. h3) 28... Nxf3 $17 29. Qxf3 Qc7 (29... f5 $17 {Strongly threatening ...Ng5.} 30. Bc6 Ng5) 30. Bd3 $1 $15 {[%cal Rd3c4]} Rc5 31. a3 (31. Bxa6 $15 f5 32. b4) 31... Rh5 {[%csl Gh5][%cal Rc7h2]} 32. h3 {[#]} a5 $1 33. Be2 Rf5 34. Qe3 Qe5 35. Qd2 Rxf1+ 36. Bxf1 Qc7 37. Rc1 Qb7 ({Black should try} 37... Qb8 $17 38. Qc3+ Nf6) 38. Bb5 Rf8 39. Qd4+ Kg8 40. Rc6 Rb8 41. Qd6 ({Better is} 41. Kh2 $11) 41... Ng5 $2 (41... Nf6 $15 {keeps the upper hand.}) 42. Qd4 $2 {White used his chance. Av CentiPawn Loss W=-47/B=-46. Weighted=-52/-64} (42. Qf4 $16) 1/2-1/2

[Event "GER-ch Youth U16W 2020"]
[Site "Willingen"]
[Date "2020.10.22"]
[Round "4.2"]
[White "Brunner, Sophia"]
[Black "Heutling, Elina"]
[Result "1-0"]
[WhiteElo "1850"]
[BlackElo "1873"]
[Annotator "NA RC"]
[PlyCount "120"]
[EventDate "2020.10.20"]
[EventType "swiss"]
[EventRounds "7"]
[EventCountry "GER"]
[SourceTitle "playchess.com"]
[Source "ChessBase"]
[SourceQuality "1"]
[TimeControl "40/5400+30:1800+30"]

1. d4 {[%emt 0:00:00]} Nf6 {[%emt 0:00:00]} 2. Nf3 {[%emt 0:00:00]} g6 {[%emt 0:00:00]} 3. Nbd2 {[%emt 0:00:00]} Bg7 {[%emt 0:05:46]} 4. e4 {[%emt 0:00:00]} d6 {[%emt 0:00:04]} 5. Bd3 {[%emt 0:00:04]} Nbd7 {[%emt 0:04:54]} 6. O-O {[%emt 0:01:35]} e5 {[%emt 0:05:55]} 7. c3 {[%emt 0:00:50]} O-O {[%emt 0:00:50]} 8. Re1 {[%emt 0:13:44]} Re8 {[%emt 0:13:06] The old main line.} 9. a4 {[%emt 0:05:31]} exd4 {[%emt 0:04:35] [#] B07: Pirc Defence: Miscellaneous Systems.} 10. Nxd4 $146 {[%emt 0:13:17]} ({Predecessor:} 10. cxd4 c5 11. d5 Ng4 12. Bb5 a6 13. Bxd7 Bxd7 14. Nc4 Qc7 15. Bf4 Ne5 16. Bxe5 dxe5 17. a5 {1-0 (50) Ulanov,A (2453)-Alachihin,V (2283) Staraya Mayna 2018}) 10... d5 {[%emt 0:01:54]} 11. exd5 {[%emt 0:05:27]} Rxe1+ {[%emt 0:08:21]} 12. Qxe1 {[%emt 0:00:05]} Nxd5 {[%emt 0:00:11]} 13. N2f3 {[%emt 0:02:00]} Qe7 {[%emt 0:07:57]} (13... N7f6 $11) 14. Bg5 {[%emt 0:14:04]} N7f6 {[%emt 0:09:07]} 15. Qxe7 {[%emt 0:01:59]} Nxe7 {[%emt 0:00:02]} 16. Re1 {[%emt 0:00:53]} Kf8 {[%emt 0:03:22]} 17. Bc4 {[%emt 0:02:23]} h6 {[%emt 0:02:29]} 18. Bxf6 {[%emt 0:05:49]} (18. Bf4 $14) 18... Bxf6 {[%emt 0:00:04]} 19. Nb5 {[%emt 0:00:23]} Bd7 {[%emt 0:08:55]} 20. Nd2 {[%emt 0:14:16]} Rd8 {[%emt 0:07:59]} 21. Ne4 {[%emt 0:01:44]} Bxb5 {[%emt 0:01:25]} 22. Bxb5 {[%emt 0:00:10]} Kg7 {[%emt 0:10:41]} 23. f4 {[%emt 0:04:32]} c6 {[%emt 0:00:38]} 24. Bc4 {[%emt 0:00:37]} Nd5 {[%emt 0:01:00]} 25. Nxf6 {[%emt 0:03:00]} Kxf6 {[%emt 0:01:18]} 26. Rd1 {[%emt 0:00:50]} Ke7 {[%emt 0:00:42]} 27. g3 {[%emt 0:04:11]} Kd6 {[%emt 0:01:06]} 28. Kf2 {[%emt 0:01:03]} Kc5 {[%emt 0:00:31]} 29. Rd4 {[%emt 0:01:03]} a5 {[%emt 0:00:30]} 30. Bf1 {[%emt 0:02:03]} Re8 {[%emt 0:00:41]} 31. Bc4 {[%emt 0:00:37]} Ne3 {[%emt 0:00:34]} 32. Bxf7 {[%emt 0:01:17]} Ng4+ {[%emt 0:00:05]} 33. Kg2 {[%emt 0:01:13]} Ne3+ {[%emt 0:01:02]} 34. Kf3 {[%emt 0:00:27]} Re7 {[%emt 0:00:28]} 35. Bxg6 {[%emt 0:01:03]} Nc4 {[%emt 0:00:31]} 36. b3 {[%emt 0:00:10]} Nd6 {[%emt 0:00:36]} 37. Be4 {[%emt 0:01:14]} b5 {[%emt 0:00:25]} 38. axb5 {[%emt 0:00:36]} cxb5 {[%emt 0:00:37]} 39. Rd5+ {[%emt 0:00:35]} Kc6 {[%emt 0:00:12]} 40. Rd4+ {[%emt 0:00:33]} Nxe4 {[%emt 0:00:27]} 41. Rxe4 {[%emt 0:30:19]} Rd7 {[%emt 0:30:58]} 42. Ke2 {[%emt 0:00:00]} Kc5 {[%emt 0:00:00]} 43. Re5+ {[%emt 0:00:00]} Kc6 {[%emt 0:00:00]} 44. Re6+ {[%emt 0:00:00]} Kc5 {[%emt 0:00:00]} 45. Ra6 {[%emt 0:00:00]} Re7+ {[%emt 0:00:00]} 46. Kf3 {[%emt 0:00:00]} Rd7 {[%emt 0:00:00]} 47. Rxa5 {[%emt 0:00:00]} Rd3+ {[%emt 0:00:00]} 48. Ke4 {[%emt 0:00:00]} Rxc3 {[%emt 0:00:00]} 49. Ra6 {[%emt 0:00:00]} Rxb3 {[%emt 0:00:00]} 50. Rxh6 {[%emt 0:00:00]} Rb1 {[%emt 0:00:00]} 51. f5 {[%emt 0:00:00]} b4 {[%emt 0:00:00]} 52. Kd3 {[%emt 0:00:00]} Rf1 {[%emt 0:00:00]} (52... Rd1+ $142 53. Kc2 Rf1) 53. g4 {[%emt 0:00:00]} Rf3+ {[%emt 0:00:00]} 54. Ke4 {[%emt 0:01:43]} Rc3 {[%emt 0:00:00]} 55. Rh8 {[%emt 0:01:30]} Rc4+ {[%emt 0:00:00]} 56. Ke5 {[%emt 0:01:05]} Rxg4 {[%emt 0:00:00]} 57. f6 {[%emt 0:00:31]} Rg2 {[%emt 0:01:33]} 58. f7 {[%emt 0:00:52]} Re2+ {[%emt 0:00:30]} 59. Kf6 {[%emt 0:00:11]} Rf2+ {[%emt 0:00:20]} 60. Ke7 {[%emt 0:00:10]} Kd5 1-0

[Event "GER-ch Youth U16W 2020"]
[Site "Willingen"]
[Date "2020.10.22"]
[Round "4.3"]
[White "Peglau, Mirjam"]
[Black "Reuter, Elisa"]
[Result "1/2-1/2"]
[WhiteElo "1909"]
[BlackElo "1860"]
[Annotator "TA"]
[PlyCount "67"]
[EventDate "2020.10.20"]
[EventType "swiss"]
[EventRounds "7"]
[EventCountry "GER"]
[SourceTitle "playchess.com"]
[Source "ChessBase"]
[SourceQuality "1"]

{[%evp 20,67,8,-9,41,31,27,25,36,28,27,23,31,13,12,-15,22,0,33,20,30,-9,0,0,0,-14,-4,-16,0,0,3,3,21,20,26,18,31,14,24,24,29,38,31,4,5,0,0,0,23,9]} 1. Nf3 c5 2. c4 g6 3. d4 cxd4 4. Nxd4 Bg7 5. e4 Nc6 6. Nc2 Nf6 7. Nc3 O-O 8. Be2 d6 9. O-O Nd7 $1 {9...Nd7 scores better than 9...Be6.} 10. Be3 Nc5 11. f3 a5 {B37: Sicilian: Maroczy Bind with 5...Bg7, sidelines.} 12. Nd4 Nxd4 13. Bxd4 Bd7 {[#]} 14. Bxg7 $146 ({Predecessor:} 14. Rb1 Bc6 15. Qd2 Bxd4+ 16. Qxd4 e5 17. Qd2 Ne6 18. Rfd1 Qb6+ 19. Kh1 Rad8 20. b3 {½-½ (30) Van Melkebeke,W (2088)-Huhndorf,A (2262) Gent 2015}) 14... Kxg7 15. Qd4+ Kg8 16. Nd5 Bc6 17. Rac1 Rc8 18. f4 Nd7 19. Bg4 e6 20. Ne3 (20. Nc3 {keeps more tension.} Qb6 21. Qxb6 Nxb6 22. b3 Rcd8 23. Bf3) 20... Qb6 (20... Qf6 {is interesting.} 21. Qxd6 Qxb2 22. Rb1 Qg7 23. f5 Qe5) 21. Qxb6 Nxb6 22. Bf3 Na4 23. Nd1 Rcd8 24. g3 Nc5 25. Nc3 Rfe8 26. Rcd1 Kf8 27. Kf2 Ke7 28. Ke3 (28. g4 {with more complications.} h6 29. h4 Nd7 30. Ke3 Rh8 31. Nb5) 28... Na4 29. Nxa4 Bxa4 30. b3 Bc6 31. e5 Bxf3 32. Kxf3 dxe5 33. fxe5 Rf8 34. Ke4 {Av CentiPawn Loss W=-10/B=-11. Weighted=-10/-12} 1/2-1/2

[Event "GER-ch Youth U16W 2020"]
[Site "Willingen"]
[Date "2020.10.22"]
[Round "4.4"]
[White "Pavlov, Liliane"]
[Black "Kalina, Lena"]
[Result "1-0"]
[WhiteElo "1744"]
[BlackElo "1561"]
[Annotator "NA RC"]
[PlyCount "45"]
[EventDate "2020.10.20"]
[EventType "swiss"]
[EventRounds "7"]
[EventCountry "GER"]
[SourceTitle "playchess.com"]
[Source "ChessBase"]
[SourceQuality "1"]
[TimeControl "40/5400+30:1800+30"]

1. d4 {[%emt 0:00:00]} Nf6 {[%emt 0:00:00]} 2. Nf3 {[%emt 0:00:00]} g6 {[%emt 0:00:00]} 3. g3 {[%emt 0:00:00]} Bg7 {[%emt 0:00:00]} 4. Bg2 {[%emt 0:00:00]} O-O {[%emt 0:00:02]} 5. O-O {[%emt 0:00:02]} d6 {[%emt 0:00:33]} 6. b3 {[%emt 0:00:18]} c5 {[%emt 0:01:01]} 7. Bb2 {[%emt 0:00:10]} cxd4 {[%emt 0:00:37]} 8. Nxd4 {[%emt 0:02:18]} d5 {[%emt 0:01:20]} 9. Na3 {[%emt 0:02:28]} Nc6 {[%emt 0:06:01]} 10. c4 {[%emt 0:08:53]} Nxd4 {[%emt 0:11:26]} 11. Bxd4 {[%emt 0:01:23]} Qa5 {[%emt 0:05:23]} 12. Bb2 {[%emt 0:08:16]} Rd8 {[%emt 0:12:07]} 13. cxd5 {[%emt 0:13:54]} Nxd5 {[%emt 0:01:32]} 14. Nc4 {[%emt 0:00:50]} Qc7 {[%emt 0:04:04]} 15. Bxg7 {[%emt 0:14:06]} Kxg7 {[%emt 0:07:10]} 16. Bxd5 {[%emt 0:05:26]} e6 {[%emt 0:01:55]} 17. Qd4+ {[%emt 0:01:19]} Kg8 {[%emt 0:02:06]} 18. e4 {[%emt 0:01:01]} exd5 {[%emt 0:02:26]} 19. exd5 {[%emt 0:00:10]} b5 {[%emt 0:04:08]} 20. Ne3 {[%emt 0:08:08]} Bb7 {[%emt 0:03:35]} 21. Ng4 {[%emt 0:02:30]} h5 {[%emt 0:05:35]} 22. Nf6+ {[%emt 0:00:36]} Kf8 {[%emt 0:00:26]} 23. Rfe1 {[%emt 0:00:54]} 1-0

[Event "GER-ch Youth U16W 2020"]
[Site "Willingen"]
[Date "2020.10.22"]
[Round "4.5"]
[White "Bardorz, Jana"]
[Black "Falke, Ornella"]
[Result "1-0"]
[WhiteElo "1960"]
[BlackElo "1500"]
[Annotator "TA"]
[PlyCount "77"]
[EventDate "2020.10.20"]
[EventType "swiss"]
[EventRounds "7"]
[EventCountry "GER"]
[SourceTitle "playchess.com"]
[Source "ChessBase"]
[SourceQuality "1"]

{[%evp 26,77,26,28,112,104,111,105,106,115,112,111,128,120,186,168,196,186,219,219,221,216,211,177,163,120,172,162,172,175,170,47,49,51,442,447,447,443,423,425,402,343,298,0,534,382,29989,29990,29992,29993,29993,29994,29997,29998]} 1. e4 c5 2. Nf3 Nc6 3. d4 cxd4 4. Nxd4 Nf6 5. Nc3 e5 6. Ndb5 d6 7. Bg5 a6 8. Na3 b5 9. Nd5 Be7 10. Bxf6 Bxf6 11. c3 O-O 12. Nc2 Bg5 13. a4 bxa4 14. Rxa4 f5 {B33: Sicilian: Pelikan and Sveshnikov Variations.} (14... Ne7 $11) 15. exf5 {[#]} Kh8 $146 ({Predecessor:} 15... Rxf5 16. Nde3 Rf7 17. Bc4 Qf6 18. Bxf7+ Qxf7 19. Qd5 Be6 20. Qxc6 Rf8 21. O-O Bf4 22. Qxd6 Bb3 23. Rxa6 Qh5 24. h3 Re8 25. c4 {1-0 (25) Arjona Casado,A (2047)-Mamani Beltran,D (1827) Salobrena 2019}) 16. h4 Bf6 {White is better.} 17. Nce3 Ne7 18. Bd3 Bb7 19. Be4 $36 {[%mdl 2048] Black is under strong pressure.} Bc6 (19... Nxd5 $16 20. Bxd5 (20. Nxd5 Rb8 $16) 20... Qd7) 20. Nxe7 Bxa4 21. Qxa4 Bxe7 22. Bxa8 Qxa8 23. Qd7 Bf6 24. O-O Rd8 25. Qa4 Qb7 (25... d5 $16) 26. Rd1 $18 {And now Rxd6! would win.} h6 27. Nd5 Qxb2 28. Qxa6 (28. Qe4 $18) 28... Bxh4 $14 29. g3 Qc2 $2 {[%mdl 8192] [#]} (29... Bg5 $14) 30. Ne3 $18 Qxc3 31. gxh4 Qb4 32. Qc4 Qb7 33. Kh2 Qf3 34. Kg1 $2 ({Better is} 34. Rd2 $18) 34... Kh7 $2 {[%mdl 8192]} (34... Qb7 $1 $11 {and Black has nothing to worry.} 35. Qe6 Qe4) 35. Qg4 Qc6 $2 (35... Qxg4+ $18 36. Nxg4 g6 37. fxg6+ Kxg6 38. Nxe5+ {[%mdl 64] Pin} Kf5) 36. Qg6+ {White mates.} Kg8 37. f6 {[%csl Gf6][%cal Rg6g7]} Qc7 {[#]} 38. Nf5 $1 Qf7 39. Nxh6+ {[%mdl 64] Double Attack. Av CentiPawn Loss W=-30/B=-84. Weighted=-33/-132} 1-0

[Event "GER-ch Youth U16W 2020"]
[Site "Willingen"]
[Date "2020.10.22"]
[Round "4.6"]
[White "Schnabel, Luise"]
[Black "Yue, Qizhou"]
[Result "1-0"]
[WhiteElo "1867"]
[BlackElo "1775"]
[Annotator "NA RC"]
[PlyCount "65"]
[EventDate "2020.10.20"]
[EventType "swiss"]
[EventRounds "7"]
[EventCountry "GER"]
[SourceTitle "playchess.com"]
[Source "ChessBase"]
[SourceQuality "1"]
[TimeControl "40/5400+30:1800+30"]

1. e4 {[%emt 0:00:00]} c5 {[%emt 0:00:00]} 2. Nf3 {[%emt 0:00:00]} e6 {[%emt 0:00:00]} 3. d4 {[%emt 0:00:19]} cxd4 {[%emt 0:00:00]} 4. Nxd4 {[%emt 0:00:11]} Nc6 {[%emt 0:00:14]} 5. Nc3 {[%emt 0:00:53]} Qc7 {[%emt 0:00:18]} 6. g3 {[%emt 0:01:04]} a6 {[%emt 0:01:14]} 7. Bg2 {[%emt 0:01:18]} Nf6 {[%emt 0:01:16]} 8. O-O {[%emt 0:01:24]} Be7 {[%emt 0:04:15]} 9. Re1 {[%emt 0:06:07]} O-O {[%emt 0:06:05] B47: Sicilian: Taimanov: 5 Nc3 Qc7 6 f4, 6 g3 and 6 Be2.} 10. a4 {[%emt 0:11:08] [#]} Bb4 $146 {[%emt 0:13:25]} ({Predecessor:} 10... d6 11. h3 Nxd4 12. Qxd4 e5 13. Qd3 Be6 14. Be3 Rac8 15. a5 Qc4 16. Qd2 Rfd8 17. Bb6 Re8 18. Ra4 Qc6 {1-0 (80) Nepomniachtchi,I (2717)-Grachev,B (2683) Khanty-Mansiysk 2013}) 11. Re2 {[%emt 0:14:22]} Bxc3 {[%emt 0:18:48]} 12. bxc3 {[%emt 0:00:12]} d6 {[%emt 0:01:13]} 13. Nxc6 {[%emt 0:10:18]} bxc6 {[%emt 0:00:56]} 14. a5 {[%emt 0:10:37]} Bb7 {[%emt 0:05:05]} (14... e5 $11 {keeps the balance.}) 15. f4 {[%emt 0:09:56]} Rfd8 {[%emt 0:04:29]} 16. Qe1 {[%emt 0:05:27]} c5 {[%emt 0:04:02]} 17. c4 {[%emt 0:07:10]} Rab8 {[%emt 0:02:50]} 18. Bd2 {[%emt 0:04:26]} Bc6 {[%emt 0:04:31]} 19. Bc3 {[%emt 0:00:32]} Nd7 {[%emt 0:07:32]} 20. Rd1 {[%emt 0:01:23]} e5 {[%emt 0:00:49]} (20... Nf8 $14) 21. Red2 {[%emt 0:02:47]} Nf6 {[%emt 0:09:21]} 22. fxe5 {[%emt 0:01:34]} dxe5 {[%emt 0:00:36]} 23. Bxe5 {[%emt 0:01:02]} Qxe5 {[%emt 0:01:10]} 24. Rxd8+ {[%emt 0:00:09]} Rxd8 {[%emt 0:00:08]} 25. Rxd8+ {[%emt 0:00:05]} Be8 {[%emt 0:00:41]} 26. h3 {[%emt 0:05:22]} g6 {[%emt 0:00:39]} 27. Kh2 {[%emt 0:01:00]} Kg7 {[%emt 0:02:59]} 28. Qe3 Qc7 29. Ra8 {[%emt 0:01:43]} Bc6 {[%emt 0:01:50]} 30. Qxc5 {[%emt 0:00:52]} Nd7 {[%emt 0:00:19]} 31. Qd4+ {[%emt 0:00:50]} f6 {[%emt 0:00:52] [#]} 32. Ra7 $18 {[%emt 0:00:55]} Qc8 {[%emt 0:00:46]} 33. Qd6 {[%emt 0:00:24]} 1-0

[Event "GER-ch Youth U16W 2020"]
[Site "Willingen"]
[Date "2020.10.22"]
[Round "4.7"]
[White "Doll, Rebecca"]
[Black "Schneider, Katharina"]
[Result "1-0"]
[WhiteElo "1808"]
[BlackElo "1779"]
[Annotator "NA RC"]
[PlyCount "106"]
[EventDate "2020.10.20"]
[EventType "swiss"]
[EventRounds "7"]
[EventCountry "GER"]
[SourceTitle "playchess.com"]
[Source "ChessBase"]
[SourceQuality "1"]
[TimeControl "40/5400+30:1800+30"]

1. e4 {[%emt 0:00:00]} e5 {[%emt 0:00:00]} 2. Nf3 {[%emt 0:00:00]} Nc6 {[%emt 0:00:00]} 3. Bc4 {[%emt 0:00:00]} Bc5 {[%emt 0:00:00]} 4. O-O {[%emt 0:00:00]} d6 {[%emt 0:01:46]} 5. d3 {[%emt 0:00:18]} Nf6 {[%emt 0:00:59]} 6. c3 {[%emt 0:00:50]} a6 {[%emt 0:00:14]} 7. Nbd2 {[%emt 0:00:38] 7.a4 is becoming the main line.} Ba7 {[%emt 0:00:14]} 8. Bb3 {[%emt 0:00:23]} h6 {[%emt 0:00:22] C54: Giuoco Piano: 4 c3 Nf6, main lines with 5 d4 and 5 d3.} 9. Re1 {[%emt 0:00:46]} g5 {[%emt 0:00:23]} 10. Nf1 {[%emt 0:04:47]} g4 {[%emt 0:00:55]} 11. N3d2 {[%emt 0:01:02]} h5 {[%emt 0:00:13]} 12. Nc4 {[%emt 0:08:29]} h4 {[%emt 0:00:19]} 13. Be3 {[%emt 0:09:09]} g3 {[%emt 0:27:09]} 14. Bxa7 {[%emt 0:12:39] [#]} ({Don't do} 14. hxg3 $6 hxg3 15. Bxa7 (15. Nxg3 Ng4 $14) 15... Rxa7 $14) ({Better is} 14. fxg3 Nh5 15. Bxa7 Rxa7 16. g4) 14... Nxa7 $146 {[%emt 0:00:59]} ({Predecessor:} 14... gxh2+ $1 $14 15. Nxh2 Rxa7 (15... Nxa7 16. d4 Nc6 17. dxe5 dxe5 18. Qxd8+ Kxd8 19. Rad1+ Ke7 20. Ne3 Ne8 {1-0 (57) Adams,M (2701)-McShane,L (2677) London 2019})) 15. Nce3 {[%emt 0:02:17]} ({Resist} 15. hxg3 $6 hxg3 16. Nxg3 Ng4 $14) (15. fxg3 $16 Bg4 16. Qd2) 15... gxf2+ {[%emt 0:07:32]} 16. Kxf2 {[%emt 0:00:08]} Rg8 {[%emt 0:01:47]} (16... Be6 $11 {remains equal.}) 17. Qf3 {[%emt 0:03:43]} Bg4 {[%emt 0:01:06]} 18. Nxg4 {[%emt 0:00:46]} Rxg4 {[%emt 0:00:59]} 19. Kg1 {[%emt 0:02:22]} Rf4 {[%emt 0:01:03]} 20. Qe2 {[%emt 0:01:56]} Qd7 {[%emt 0:09:20]} 21. Ne3 {[%emt 0:01:41]} O-O-O {[%emt 0:01:16] [#]} 22. Rf1 $1 {[%emt 0:01:32]} Rg8 {[%emt 0:00:44]} (22... Kb8 $16 23. Rxf4 exf4) 23. Nf5 {[%emt 0:04:57]} d5 {[%emt 0:09:53]} 24. Rxf4 {[%emt 0:03:25]} exf4 {[%emt 0:00:06]} 25. Nxh4 {[%emt 0:02:20]} dxe4 {[%emt 0:07:35]} 26. dxe4 {[%emt 0:00:46]} Nc6 {[%emt 0:04:40]} 27. Nf3 {[%emt 0:04:01]} Ng4 {[%emt 0:05:12]} 28. Kh1 {[%emt 0:08:28]} Nce5 {[%emt 0:04:55]} 29. Nxe5 {[%emt 0:02:07]} Nxe5 {[%emt 0:00:07]} 30. Rd1 {[%emt 0:03:05]} Qe7 {[%emt 0:02:56]} 31. Qh5 {[%emt 0:05:55]} Qf6 {[%emt 0:02:25]} 32. Qf5+ {[%emt 0:05:35]} Qxf5 {[%emt 0:00:09]} 33. exf5 {[%emt 0:00:05]} Rg5 {[%emt 0:02:41]} 34. Bc2 {[%emt 0:07:58]} Ng4 {[%emt 0:02:20]} 35. Rd2 {[%emt 0:01:02]} Ne3 $16 {[%emt 0:01:11]} 36. Be4 {[%emt 0:01:13]} c6 {[%emt 0:03:38]} 37. Kg1 {[%emt 0:01:03]} Nxf5 {[%emt 0:01:25]} 38. Bxf5+ {[%emt 0:00:14]} Rxf5 {[%emt 0:00:08]} 39. Kf2 {[%emt 0:00:11]} Kc7 {[%emt 0:00:30]} 40. Kf3 {[%emt 0:00:24]} f6 {[%emt 0:01:15]} 41. Kg4 {[%emt 0:30:33]} Ra5 {[%emt 0:30:24]} 42. a3 {[%emt 0:00:16]} Ra4 {[%emt 0:00:29]} 43. Rf2 {[%emt 0:01:32]} Re4 {[%emt 0:01:20]} 44. Kf5 {[%emt 0:02:11]} Re5+ {[%emt 0:00:00]} 45. Kxf6 {[%emt 0:00:00]} Rh5 {[%emt 0:00:00]} 46. h3 {[%emt 0:00:00]} Kd6 {[%emt 0:00:00]} 47. Rxf4 {[%emt 0:00:00]} c5 {[%emt 0:00:00]} 48. h4 {[%emt 0:00:00]} b5 {[%emt 0:00:00]} 49. g3 {[%emt 0:00:00]} a5 {[%emt 0:00:00]} 50. Rf5 {[%emt 0:00:00]} Rh6+ {[%emt 0:00:00]} 51. Kg7 {[%emt 0:00:00]} Re6 {[%emt 0:00:00]} 52. Rf6 {[%emt 0:00:00]} Rxf6 {[%emt 0:00:00]} 53. Kxf6 {[%emt 0:00:00]} Kd5 1-0

[Event "GER-ch Youth U16W 2020"]
[Site "Willingen"]
[Date "2020.10.22"]
[Round "4.8"]
[White "Cheredzhiyska, Iva"]
[Black "Basovskiy, Jana"]
[Result "0-1"]
[WhiteElo "1674"]
[BlackElo "1760"]
[Annotator "NA RC"]
[PlyCount "58"]
[EventDate "2020.10.20"]
[EventType "swiss"]
[EventRounds "7"]
[EventCountry "GER"]
[SourceTitle "playchess.com"]
[Source "ChessBase"]
[SourceQuality "1"]
[TimeControl "40/5400+30:1800+30"]

1. e4 {[%emt 0:00:00]} c5 {[%emt 0:00:00]} 2. Nf3 {[%emt 0:00:00]} e6 {[%emt 0:00:00]} 3. c3 {[%emt 0:00:15]} Nf6 {[%emt 0:00:00]} 4. e5 {[%emt 0:00:42]} Nd5 {[%emt 0:00:06]} 5. d4 {[%emt 0:00:37]} cxd4 {[%emt 0:00:28]} 6. cxd4 {[%emt 0:01:12]} Nc6 {[%emt 0:01:06]} 7. Bc4 {[%emt 0:02:52]} d6 {[%emt 0:03:26]} 8. O-O {[%emt 0:04:37]} Be7 {[%emt 0:09:08]} 9. a3 {[%emt 0:00:55]} O-O {[%emt 0:05:36]} 10. Qc2 {[%emt 0:06:56]} Qb6 {[%emt 0:18:26]} 11. Rd1 {[%emt 0:18:09]} Rd8 {[%emt 0:04:02]} 12. Bd3 {[%emt 0:04:23]} g6 {[%emt 0:05:44]} 13. Nc3 {[%emt 0:07:48]} Nxc3 {[%emt 0:14:52]} 14. Qxc3 {[%emt 0:01:27]} dxe5 {[%emt 0:00:13]} 15. dxe5 {[%emt 0:02:14]} Bc5 {[%emt 0:00:20]} 16. Rf1 {[%emt 0:02:38]} Nd4 {[%emt 0:05:37]} 17. Bc4 {[%emt 0:02:02]} Qc6 {[%emt 0:07:05]} 18. Ng5 {[%emt 0:09:55]} b5 {[%emt 0:05:28]} 19. Qh3 {[%emt 0:04:37]} h5 {[%emt 0:00:08]} 20. Bd3 {[%emt 0:10:41]} Bb7 {[%emt 0:06:46]} 21. Be4 {[%emt 0:04:07]} Qc7 {[%emt 0:00:44]} 22. Bxb7 {[%emt 0:04:46]} Qxb7 {[%emt 0:00:01]} 23. b4 {[%emt 0:01:23]} Be7 {[%emt 0:01:24]} 24. Be3 {[%emt 0:01:05]} Nf5 {[%emt 0:01:08]} 25. Bf4 {[%emt 0:00:51]} Rd4 {[%emt 0:01:03]} 26. Bc1 {[%emt 0:01:26]} Rg4 {[%emt 0:05:46]} 27. Nf3 {[%emt 0:00:04]} Rd8 {[%emt 0:00:59]} 28. Bb2 {[%emt 0:00:54]} Rd3 {[%emt 0:00:27]} 29. Kh1 {[%emt 0:02:12]} Rh4 {[%emt 0:00:29]} 0-1